The Role of Nitric Oxide in the Very Early Learning and Memory

Bibliographic Details
Main Authors: Záhlava, Jan, 1933- (Author), Barcal, J. (Author), Mysliveček, Jaromír (Author)
Format: Article
Language:Slovak
English
PhysicalDescription:Obr. 1, lit. 4 zázn. v angl.
ISSN:0039-3320
Subjects:

MARC

LEADER 00000nab a2200000 a 4500
001 vtls000546998
003 SK-MaSNL
005 20260304090335.0
008 250425c1994 xo 0 slo
015 |a SNBRB19rr/mm-uuuuu 
035 |a CL0547136 
035 |a urn:nbn:sk:snk-ab2sn8 
035 |a (urnnbn)urn:nbn:sk:snk:ar-a02vrl 
035 |a (uuid)fdb795ba-a6dc-4761-9cb5-cb43afc2802a 
040 |a SNKBUCL  |b slo  |c SNKBUCL  |e AACR2 
041 0 |a eng 
044 |a xo  |c SK 
080 |a 159.953:661.5  |2 1981 
080 |a 661.5  |2 1981 
100 1 |a Záhlava, Jan,  |d 1933-  |4 aut  |9 104018 
245 1 4 |a The Role of Nitric Oxide in the Very Early Learning and Memory  |c J. Záhlava, J. Barcal, Jaromír Mysliveček 
300 |b Obr. 1, lit. 4 zázn. v angl. 
650 0 7 |a pamäť  |2 snkbucl  |9 2559 
650 0 7 |a učenie  |2 snkbucl  |9 3884 
650 0 7 |a oxidy dusíka  |2 snkbucl  |9 21726 
655 7 |a články z novín a časopisov  |2 snkbucl  |9 267496 
700 1 |a Barcal, J.  |4 aut  |9 808032 
700 1 |a Mysliveček, Jaromír  |4 aut  |9 1308427 
773 0 |t Studia psychologica  |g Roč. 36, č. 5 (1994), s. 330-331  |x 0039-3320 
850 |a Slovenská národná knižnica 
852 |a Slovenská národná knižnica 
958 |a article27 
958 |a RK 
958 |a OND 
958 |a EUIPO 
992 |a RBX 
999 |c 2811151  |d 2813081